Zródla sukcesów i porazek przedsiebiorstw - aspekt strategiczny materialy na miedzynarodowa konferencje naukowa ... , Karpacz, 18-20 pazdziernika 2000
Na minha lista:
| Outros Autores: | |
|---|---|
| Formato: | Livro |
| Idioma: | polonês tcheco inglês |
| Publicado em: |
Wroclaw
Wydawnictwo Akademii Ekonomicznej im. Oskara Langego we Wroclawiu
2000
|
| Colecção: | Materialy konferencyjne
Prace naukowe nr. 870 |
| Assuntos: | |
| Tags: |
Sem tags, seja o primeiro a adicionar uma tag!
|
MARC
| LEADER | 00000nam a2200000 4500 | ||
|---|---|---|---|
| 001 | c123306 | ||
| 005 | 20221221084038.0 | ||
| 022 | |a 0324-8445 | ||
| 041 | 0 | |a pol | |
| 041 | 0 | |a cze | |
| 041 | 0 | |a eng | |
| 044 | |a PL | ||
| 245 | 1 | 0 | |a Zródla sukcesów i porazek przedsiebiorstw - aspekt strategiczny |b materialy na miedzynarodowa konferencje naukowa ... , Karpacz, 18-20 pazdziernika 2000 |c Redaktor naukowy: Barbara Olszewska |
| 264 | 1 | |a Wroclaw |b Wydawnictwo Akademii Ekonomicznej im. Oskara Langego we Wroclawiu |c 2000 | |
| 300 | |a 499 s. | ||
| 490 | 1 | |a Materialy konferencyjne |v Prace naukowe nr. 870 | |
| 830 | 0 | |a Materialy konferencyjne |v Prace naukowe nr. 870 | |
| 610 | 2 | 0 | |a podnikanie |
| 610 | 2 | 0 | |a úspech pracovný |
| 610 | 2 | 0 | |a transformácia |
| 610 | 2 | 0 | |a politika hospodárska |
| 610 | 2 | 0 | |a stratégia podniková |
| 610 | 2 | 0 | |a podnik priemyselný |
| 610 | 2 | 0 | |a holding |
| 610 | 2 | 0 | |a inovácia |
| 610 | 2 | 0 | |a zmeny štruktúrne |
| 610 | 2 | 0 | |a reštrukturalizácia |
| 610 | 2 | 0 | |a politika colná |
| 610 | 2 | 0 | |a kanály distribučné |
| 610 | 2 | 0 | |a výskum |
| 610 | 2 | 0 | |a rozvoj podniku |
| 610 | 2 | 0 | |a integrácia |
| 610 | 2 | 0 | |a diverzifikácia |
| 610 | 2 | 0 | |a aliancie strategické |
| 610 | 2 | 0 | |a riziko |
| 610 | 2 | 0 | |a privatizácia |
| 610 | 2 | 0 | |a hodnota podniku |
| 610 | 2 | 0 | |a elektronizácia |
| 610 | 2 | 0 | |a siete počítačové |
| 610 | 2 | 0 | |a marketing |
| 610 | 2 | 0 | |a kultúra |
| 610 | 2 | 0 | |a kapitál ľudský |
| 610 | 2 | 0 | |a veda |
| 610 | 2 | 0 | |a podnik malý |
| 610 | 2 | 0 | |a podnik stredný |
| 610 | 2 | 0 | |a Poľsko |
| 610 | 2 | 0 | |a Rusko |
| 610 | 2 | 0 | |a Česko |
| 610 | 2 | 0 | |a Japonsko |
| 610 | 2 | 0 | |a Ukrajina |
| 700 | 1 | |a Olszewska, Barbara | |